000 00600nam a22001937 4500
001 000010793
005 20200929162307.0
008 910716n1965 ag 000 0 spa
010 _altf91082201
040 _aDO-SdBNP
_cDLC
_dDLC
082 _a546
_bC394q
100 1 _aCelsi, Santiago A. [from old catalog]
_926074
245 1 0 _aQuímica elemental moderna /
_cSantiago A. Celsi, Alberto D. Iacobucci.
260 _aBuenos Aires :
_bKapelusz,
_cc1965.
300 _a397 p. :
_bilus. ;
_c20 cms.
650 4 _aQuímica inorgánica
_926072
910 _aCatalogación por copia / LC
049 _aBNGR
999 _c10543
_d10543